The Last Country Left - South America - Statistics

General Stats
  • This quiz has been taken 25 times
  • The average score is 11 of 12
Answer Stats
Hint Answer % Correct
To be in the Top 10 largest countries in the world. Argentina
100%
To have words on its flag. Brazil
100%
To be Landlocked. Paraguay
100%
To have multiple capitals. Bolivia
89%
To be on the Equator. Colombia
89%
To not have any stars on its flag. Guyana
89%
To win a World Cup. Uruguay
89%
To have a capital city ending in the letter A. Peru
83%
To be in the Northern Hemisphere. Venezuela
83%
To be in South America. Chile
78%
To feature a sun on the flag. Ecuador
78%
To have Green on the Flag. Suriname
78%
No matching quizzes found
Score Distribution
Percent of People with Each Score
Percentile by Number Answered
Your Score History
You have not taken this quiz